000 00222nam a2200097Ia 4500
008 190216s9999||||xx |||||||||||||| ||und||
100 _aKadavoor G Chandran Pillai
245 0 _aPuthrakameshti
260 _bNull
942 _cBK
999 _c24375
_d24375